Elementos fundamentales para el análisis de la base económica de los modos de producción, aplicación del modelo para la determinación de regiones sociológicas en la estructura rural de la formación social guatemalteca

Сохранить в:
Библиографические подробности
Главный автор: Barrios Taracena, Julio
Формат: Текст
Язык:Spanish
Опубликовано: San José: ACAS-CEDAL
Предметы:
Метки: Добавить метку
Нет меток, Требуется 1-ая метка записи!

MARC

LEADER 00000 a a2200000 04500
001 17593
003 cru CIDCACS/IIS
005 20231128105650.0
008 231128b |||||||| |||| 00| 0 spa d
040 |c cru CIDCACS/IIS 
090 |a 002900  
100 |a Barrios Taracena, Julio  
245 |a Elementos fundamentales para el análisis de la base económica de los modos de producción, aplicación del modelo para la determinación de regiones sociológicas en la estructura rural de la formación social guatemalteca  
260 |a San José:   |b ACAS-CEDAL  
300 |a 15 p  
650 |a MODOS DE PRODUCCION  
942 |2 z  |c LI 
999 |c 16054  |d 16054